Comments on the "famine stela" /

محفوظ في:

المؤلف الرئيسي: Goedicke, Hans (مؤلف)

التنسيق: كتاب

اللغة: English
Ancient Egyptian

منشور في: San Antonio : Van Siclen Books, 1994.

سلاسل: Varia Aegyptiaca. Supplement ; 5.
VA Supplement ; 5.

الموضوعات:

الوسوم: إضافة وسم

لا توجد وسوم, كن أول من يضع وسما على هذه التسجيلة!

رقم الطلب: DT57 .V31 v.5

LEADER 00861namaa2200289 4500
001 3315
003 OSt
005 20260423111832.0
008 130303s1994 txua b 000 0 eng d
020 |a 0933175353 
040 |c ARCE Library 
041 0 |a eng  |a egy 
043 |a f-ua--- 
050 4 |a DT57 .V31 v.5 
100 1 |a Goedicke, Hans,  |e author  |9 30860 
245 1 0 |a Comments on the "famine stela" /  |c by Hans Goedicke. 
264 1 |a San Antonio :  |b Van Siclen Books,  |c 1994. 
300 |a v, 152 pages :  |b illustrations ;  |c 22 cm. 
490 0 |a Varia Aegyptiaca.  |a Supplement ;  |v 5. 
490 0 |a VA Supplement ;   |v 5. 
504 |a Includes bibliographical references. 
546 |a English and Egyptian. 
650 0 |a Egyptian language  |v Texts. 
650 0 |a Inscriptions, Egyptian  |z Egypt  |z Elephantine. 
901 |a reviewed 
942 |c BK  |2 lcc 
999 |c 6422  |d 6422